01371 a2200181 45000010006000000050017000060080041000230030015000640400040000790800083001192450026002022500012002282640036002403000025002765050860003010410008011611000020011693548520260407155636.0260407a1974 arg spa dAR-UNSa-BCEJYS aAR-UNSa-BCEJYSbspacAR-UNSa-BCEJYS a658.14xFinanciación. Financiación de las empresas. Obtención de capital10aAnálisis financiero a1a. ed. 1aBuenos Aires :bEl Ateneoc1974 axvii, 558 p.c22 cm. a1. Naturaleza y alcance de la función financiera - 2. Conceptos analíticos de las decisiones financieras - 3. Fundamentos de la programación lineal - 4. Programación lineal, programación de metas y planeamiento de ganancias - 5. Programación lineal, programación de metas y presupuesto financiero - 6. Deciciones de inversión en condiciones de certeza (I) - 7. Deciciones de inversión en condiciones de certeza (II) - 8. Deciciones de inversión en condiciones de incertidumbre - 9. Análisis de decisiones seleccionadas de inversión - 10. El costo del capital: concepto y medición - 11. Planeamiento de la estructura óptima del capital - 12. Teorías de la valuación y política financiera - 13. Teoría de las decisiones acerca del capital en giro - 14. Enfoque de simulación de las decisiones acerca del capital en giro aspa1 aMao, James C.T.